00813nam a2200205 a 450000100100000000500170001000800410002702000150006804000250008310000280010824000240013624501620016026000310032230000230035350000340037670000420041070000320045295201060048499900170059000003878720201002031354.0130422s1999 ck 000 0 spa d a9580448175 aDO-SdBNPbspacBNPHU1 aAlessandra, Tony96509110aCharismalEspañol10aCarisma :b7 claves para desarrollar el magnetismo que lleva al éxito /cTony Alessandra ; edición María Lucrecia Monares, traducción Helena Salazar. aBogotá :bNorma ,c1999. a279 p. : ;c23 cm. aTraducido del idioma inglés1 aMonares, María Lucreciaeed.9650921 aSalazar, Helenaetr.965093 0010507-18MOaGRbGRcOId2013-04-22iLF1l0o p38787-10r2020-06-25w2020-06-25y1ZNo se presta c38277d38277